<?xml version="1.0" encoding="UTF-8"?>
<record
    xmlns:xsi="http://www.w3.org/2001/XMLSchema-instance"
    xsi:schemaLocation="http://www.loc.gov/MARC21/slim http://www.loc.gov/standards/marcxml/schema/MARC21slim.xsd"
    xmlns="http://www.loc.gov/MARC21/slim">

  <leader>00728nam a22002057a 4500</leader>
  <controlfield tag="005">20250616151515.0</controlfield>
  <controlfield tag="008">250612b        |||||||| |||| 00| 0 eng d</controlfield>
  <datafield tag="040" ind1=" " ind2=" ">
    <subfield code="c">AL</subfield>
  </datafield>
  <datafield tag="041" ind1=" " ind2=" ">
    <subfield code="a">Hindi</subfield>
  </datafield>
  <datafield tag="082" ind1=" " ind2=" ">
    <subfield code="2">23</subfield>
    <subfield code="a">H891.4</subfield>
    <subfield code="b">GRAG</subfield>
  </datafield>
  <datafield tag="100" ind1=" " ind2=" ">
    <subfield code="a"> Michael Jude Gracias </subfield>
    <subfield code="9">215129</subfield>
  </datafield>
  <datafield tag="100" ind1=" " ind2=" ">
    <subfield code="9">214480</subfield>
    <subfield code="b">&#x92E;&#x93E;&#x907;&#x915;&#x932; &#x91C;&#x942;&#x921; &#x917;&#x94D;&#x930;&#x93E;&#x938;&#x93F;&#x92F;&#x938; </subfield>
  </datafield>
  <datafield tag="245" ind1=" " ind2=" ">
    <subfield code="a">Goa ke sahib </subfield>
    <subfield code="b">&#x917;&#x94B;&#x935;&#x93E; &#x915;&#x947; &#x938;&#x93E;&#x92F;&#x92C; </subfield>
  </datafield>
  <datafield tag="260" ind1=" " ind2=" ">
    <subfield code="a">Goa</subfield>
    <subfield code="b">Queeny Productions and publications</subfield>
    <subfield code="c">2024</subfield>
  </datafield>
  <datafield tag="300" ind1=" " ind2=" ">
    <subfield code="a">118 p.</subfield>
    <subfield code="b">PB</subfield>
    <subfield code="c">21x13 cm.</subfield>
  </datafield>
  <datafield tag="365" ind1=" " ind2=" ">
    <subfield code="c">&#x20B9;</subfield>
    <subfield code="d">&#x20B9;200.00</subfield>
  </datafield>
  <datafield tag="650" ind1=" " ind2=" ">
    <subfield code="a">Religion</subfield>
    <subfield code="9">214475</subfield>
  </datafield>
  <datafield tag="700" ind1=" " ind2=" ">
    <subfield code="a">Magdalin Dsouza and Salim Gaded</subfield>
    <subfield code="b">&#x92E;&#x948;&#x917;&#x94D;&#x921;&#x932;&#x940;&#x928; &#x921;&#x93F;&#x938;&#x942;&#x91C;&#x93C;&#x93E; , &#x938;&#x932;&#x940;&#x92E; &#x917;&#x921;&#x93C;&#x947;&#x926; tr</subfield>
    <subfield code="9">215122</subfield>
  </datafield>
  <datafield tag="942" ind1=" " ind2=" ">
    <subfield code="2">ddc</subfield>
    <subfield code="c">DB</subfield>
  </datafield>
  <datafield tag="999" ind1=" " ind2=" ">
    <subfield code="c">234420</subfield>
    <subfield code="d">234420</subfield>
  </datafield>
  <datafield tag="952" ind1=" " ind2=" ">
    <subfield code="0">0</subfield>
    <subfield code="1">0</subfield>
    <subfield code="2">ddc</subfield>
    <subfield code="4">0</subfield>
    <subfield code="7">0</subfield>
    <subfield code="8">HIN</subfield>
    <subfield code="a">AL</subfield>
    <subfield code="b">AL</subfield>
    <subfield code="d">2025-05-20</subfield>
    <subfield code="g">200.00</subfield>
    <subfield code="l">0</subfield>
    <subfield code="o">H891.4 GRAG</subfield>
    <subfield code="p">D06282</subfield>
    <subfield code="r">2025-06-12 10:19:50</subfield>
    <subfield code="v">200.00</subfield>
    <subfield code="w">2025-06-12</subfield>
    <subfield code="y">DB</subfield>
    <subfield code="z">Donated by Rev Dr Praveen Martis SJ</subfield>
  </datafield>
</record>
